| 000 | 01033nam a22002057a 4500 | ||
|---|---|---|---|
| 999 |
_c61970 _d61970 |
||
| 003 | Ge_BSU | ||
| 005 | 20240618105345.0 | ||
| 008 | 240618s1967 ge ||||| |||| 00| 0 geo d | ||
| 041 | _ageo | ||
| 080 | _a614.2(075.8) ა-87 | ||
| 100 |
_aასათიანი, ანთეოზ _922465 |
||
| 245 |
_aსოციალური ჰიგიენა და ჯანმრთელობის დაცვის ორგანიზაცია : _b[სახელმძღვ. სამედ. ინ-ტის სტუდ.] / _cანთეოზ ასათიანი. |
||
| 250 | _aმე-3 გადამუშ. გამოცემა | ||
| 264 |
_aთბილისი : _bგანათლება, _c1967. |
||
| 300 |
_a372 გვ. : _bილ. და ცხრილ. ; _c 22 სმ |
||
| 653 | _aსოციალური ჰიგიენა | ||
| 653 | _aორგანიზაცია | ||
| 700 |
_aსულაძე, მ. _eრედაქტორი _93155 |
||
| 942 |
_2udc _cᲬᲘᲒᲜᲘ |
||